000 00484nam a2200169Ia 4500
999 _c27657
_d27657
003 OSt
005 20201202115604.0
008 190216s9999||||xx |||||||||||||| ||und||
040 _coclc
082 _a894.8123
_bSRE/T
100 _a Sreedharan, Perumpadavom
_96466
245 0 _aThrishna /
_c Perumpadavom Sreedharan
260 _bCurrent Books,
_aKottayam:
_c1998.
300 _a152p
650 _aNovel
942 _cBK
_2ddc
_h894.8123
_iSRE/T
_k894.8123
_mSRE/T